[Event "GER-chT U16"]
[Site "Willingen"]
[Date "2021.06.27"]
[Round "7.4"]
[White "Emmerich, Julian"]
[Black "Ellert, Oliver"]
[Result "0-1"]
[WhiteElo "1369"]
[BlackElo "1686"]
[PlyCount "66"]
[EventDate "2021.06.23"]
[EventType "team-swiss"]
[EventRounds "7"]
[EventCountry "GER"]
[SourceTitle "CBM 203 Extra"]
[Source "ChessBase"]
[SourceDate "2021.09.30"]
[SourceVersion "1"]
[SourceVersionDate "2021.09.30"]
[SourceQuality "1"]
[WhiteTeam "Neuberg"]
[BlackTeam "Berlin Empor"]
[WhiteTeamCountry "GER"]
[BlackTeamCountry "GER"]

1. e4 d5 2. exd5 Qxd5 3. Nc3 Qa5 4. d4 Nf6 5. Bc4 c6 6. Nf3 Bg4 7. 0-0 e6 8. Re1 Be7 9. h3 Bh5 10. Qe2 Qd8 11. Bf4 Bxf3 12. Qxf3 Qxd4 13. Bxe6 fxe6 14. Rxe6 Kf7 15. Rae1 Bd8 16. Be5 Qd7 17. Bxf6 Bxf6 18. Ne4 Kxe6 19. Nc5+ Kd6 20. Nxd7 Kxd7 21. Qf5+ Kc7 22. c3 Nd7 23. g4 Raf8 24. Kg2 Bh4 25. Qa5+ Kb8 26. Re2 h5 27. c4 Rf7 28. Qd2 Rhf8 29. b4 Rxf2+ 30. Rxf2 Rxf2+ 31. Qxf2 Bxf2 32. Kxf2 hxg4 33. hxg4 Ne5 0-1

[Event "GER-chT U16"]
[Site "Willingen"]
[Date "2021.06.24"]
[Round "2.3"]
[White "Emmerich, Julian"]
[Black "Alhamid, Mohamad"]
[Result "0-1"]
[WhiteElo "1369"]
[BlackElo "1664"]
[PlyCount "59"]
[EventDate "2021.06.23"]
[EventType "team-swiss"]
[EventRounds "7"]
[EventCountry "GER"]
[SourceTitle "CBM 203 Extra"]
[Source "ChessBase"]
[SourceDate "2021.09.30"]
[SourceVersion "1"]
[SourceVersionDate "2021.09.30"]
[SourceQuality "1"]
[WhiteTeam "Neuberg"]
[BlackTeam "Delmenhorst"]
[WhiteTeamCountry "GER"]
[BlackTeamCountry "GER"]

1. e4 e5 2. Nf3 Nc6 3. d4 exd4 4. Nxd4 Bc5 5. Be3 Bb6 6. Bc4 Nf6 7. Nxc6 bxc6 8. Nc3 Bxe3 9. fxe3 Qe7 10. Qf3 Rb8 11. Bb3 0-0 12. 0-0-0 d5 13. Rd4 c5 14. Nxd5 Nxd5 15. Rxd5 Bb7 16. Rd2 Bxe4 17. Qg3 Rbd8 18. Rhd1 h6 19. Qf4 Bg6 20. Qg4 Kh7 21. Qf4 Rxd2 22. Rxd2 Re8 23. Re2 f6 24. g4 Be4 25. h4 Qd6 26. Rd2 Qxf4 27. exf4 Bf3 28. Rd7 Re1+ 29. Kd2 Rd1+ 30. Ke3 0-1

[Event "GER-chT U16"]
[Site "Magdeburg"]
[Date "2019.12.28"]
[Round "4.4"]
[White "Emmerich, Julian"]
[Black "Klahold, Rona"]
[Result "1-0"]
[WhiteElo "1270"]
[BlackElo "1541"]
[PlyCount "89"]
[EventDate "2019.12.27"]
[EventType "team-swiss"]
[EventRounds "7"]
[EventCountry "GER"]
[SourceTitle "CBM 194 Extra"]
[Source "ChessBase"]
[SourceDate "2020.03.31"]
[SourceVersion "1"]
[SourceVersionDate "2020.03.31"]
[SourceQuality "1"]
[WhiteTeam "Neuberg"]
[BlackTeam "Paderborn Blauer Springer"]
[WhiteTeamCountry "GER"]
[BlackTeamCountry "GER"]

1. e4 e5 2. Nf3 Nc6 3. d4 exd4 4. Nxd4 Qh4 5. Nc3 Bb4 6. Be2 Qxe4 7. Ndb5 Kd8 8. 0-0 Bxc3 9. Nxc3 Qd4 10. Bd3 d6 11. Nb5 Qf6 12. Re1 Nge7 13. Bd2 Bf5 14. Bc3 Qg6 15. Re3 Nd5 16. Bxf5 Nxe3 17. Bxg6 Nxd1 18. Bxg7 Rg8 19. Bf6+ Ne7 20. Bxh7 Re8 21. Rxd1 Kd7 22. Bxe7 Rxe7 23. Bf5+ Kc6 24. Nd4+ Kb6 25. Kf1 Rae8 26. Nf3 Kc5 27. Re1 Rxe1+ 28. Nxe1 Kd5 29. Nd3 c5 30. f4 c4 31. Ne1 Kd4 32. Kf2 c3 33. b3 Re7 34. h4 Rc7 35. h5 Kc5 36. Nd3+ Kb5 37. h6 a5 38. h7 a4 39. h8Q axb3 40. axb3 b6 41. Qf6 Ra7 42. Qxd6 Ra2 43. Bd7+ Ka6 44. Nb4+ Ka7 45. Qc7+ 1-0

[Event "GER-chT U16"]
[Site "Magdeburg"]
[Date "2019.12.27"]
[Round "1.6"]
[White "Hamkar, Behzad"]
[Black "Emmerich, Julian"]
[Result "1-0"]
[WhiteElo "1223"]
[BlackElo "1270"]
[PlyCount "63"]
[EventDate "2019.12.27"]
[EventType "team-swiss"]
[EventRounds "7"]
[EventCountry "GER"]
[SourceTitle "CBM 194 Extra"]
[Source "ChessBase"]
[SourceDate "2020.03.31"]
[SourceVersion "1"]
[SourceVersionDate "2020.03.31"]
[SourceQuality "1"]
[WhiteTeam "Augsburg"]
[BlackTeam "Neuberg"]
[WhiteTeamCountry "GER"]
[BlackTeamCountry "GER"]

1. e4 e5 2. Nf3 Nc6 3. d4 exd4 4. Bc4 Nf6 5. e5 d5 6. Bb5 Ne4 7. Nxd4 Bd7 8. Bxc6 bxc6 9. 0-0 Bb4 10. Nd2 Nxd2 11. Bxd2 Bxd2 12. Qxd2 0-0 13. Nb3 f6 14. f4 Qe7 15. Qe3 fxe5 16. fxe5 Rxf1+ 17. Rxf1 Rf8 18. Re1 a6 19. e6 Bc8 20. Nc5 Rf6 21. b4 Rh6 22. g3 Rf6 23. a3 Rg6 24. Qe2 a5 25. c4 axb4 26. axb4 Rf6 27. cxd5 cxd5 28. Qe5 c6 29. Qb8 Rf8 30. Qb6 Qe8 31. e7 Rf7 32. Qd8 1-0